Statistics for Ages and Eras Quiz

Click here to take the quiz!

General Stats

  • This quiz has been taken 44,156 times
    (13,049 since last reset)
  • The average score is 14 of 22

Answer Stats

DescriptionEra% Correct
Period of increased glaciation{Ice} Age
95%
Europe, circa 500-1500 AD{Middle} Ages
94%
European "rebirth", circa
1400-1700 AD
The {Renaissance}
89%
Followed the Bronze Age{Iron} Age
89%
It came after the Triassic{Jurassic}
88%
When alcohol was banned in
the United States
{Prohibition}
85%
Launch of Sputnik and after{Space} Age
83%
Preceded the Bronze Age{Stone} Age
82%
The 1920s{Roaring} Twenties
81%
United Kingdom, 1837-1901{Victorian} Era
74%
Era of cinema prior to 1929{Silent} Era
62%
India, 1858-1947British {Raj}
53%
United Kingdom, 1901-1910{Edwardian} Era
51%
The Americas, before 1492Pre-{Columbian} Era
47%
England, 1558-1603{Elizabethan} Age
46%
France, 1871-1914{Belle} Époque
43%
Europe, 1799-1815{Napoleonic} Era
42%
The United States, 1865-1877{Reconstruction}
40%
The 1890s{Gay} Nineties
34%
The U.S. southern states,
before 1861
{Antebellum} Period
32%
Period of rapid animal evolution,
about 500 million years ago
{Cambrian} Explosion
29%
19th century "Robber Baron" era{Gilded} Age
23%

Score Distribution

Percentile by Number Answered

Percent of People with Each Score

Your Score History

You have not taken this quiz since the last reset